| 000 | 00638nam a2200169Ia 4500 | ||
|---|---|---|---|
| 008 | 220216s9999 xx 000 0 und d | ||
| 100 | _aRaj S | ||
| 245 | 0 | _aCritical weather factors for the development of abnormal leaf fall disease in Hevea brasiliensis | |
| 260 | _bPhytophthora Diseases of Plantation Crops. (Eds. Jacob Mathew; C. Bindu Roy; C. Kuruvilla Jacob and N. Ramachandran).Westville Publishing House, New Delhi, pp.109-112. | ||
| 500 | _aSource Year: 2015 | ||
| 650 | _aAbnormal leaf fall disease | ||
| 650 | _aPhytophthora | ||
| 650 | _aWeather factors | ||
| 700 | _aJoseph A | ||
| 700 | _aLekshmanan R | ||
| 942 | _cJS | ||
| 999 |
_c56532 _d56532 |
||